Biografía del Doctor Rodulfo Amando Philippi. 1808-1904
Bewaard in:
| Hoofdauteur: | |
|---|---|
| Formaat: | Boek |
| Taal: | Spaans |
| Gepubliceerd in: |
Santiago
Imprenta Central, Valdivia
1904
|
| Editie: | 1a. ed |
| Onderwerpen: | |
| Tags: |
Voeg label toe
Geen labels, Wees de eerste die dit record labelt!
|
MARC
| LEADER | 00000nam a2200000 a 4500 | ||
|---|---|---|---|
| 001 | UCJ7636 | ||
| 003 | CL-VaPUC | ||
| 008 | 070124e19040000CL |||||||||||||||||spa|d | ||
| 082 | 0 | 4 | |a 925 |b GOT |2 21 |
| 100 | |a Gotschlich, Bernardo |e author |9 516107 | ||
| 245 | 1 | 0 | |a Biografía del Doctor Rodulfo Amando Philippi. 1808-1904 |
| 250 | |a 1a. ed | ||
| 300 | |a 184 p | ||
| 942 | |c BK | ||
| 945 | |d 20070124 00:00:00 |a rinostro | ||
| 260 | |a Santiago |b Imprenta Central, Valdivia |c 1904 | ||
| 500 | |a Fotografía del Doctor Phillippi.- Vol. intonso.- Advierte errata. Se ubica en la letra P | ||
| 600 | 0 | 7 | |a PHILIPPI, RODULFO AMANDO |2 CL-VaPUC |9 505016 |
| 650 | 0 | |a Biografías |9 255210 | |
| 650 | 0 | |a Científicos |9 262025 | |
| 650 | 0 | |a Iconografía |9 267998 | |
| 650 | 0 | |a Autógrafos |9 446110 | |
| 650 | 0 | |a Historia de Chile |9 265473 | |
| 583 | |a last modification |c 20180402 12:16:00 |k Rodrigo Vera | ||
| 999 | |c 323655 |d 323653 | ||
| 952 | |0 0 |1 0 |4 0 |6 925_000000000000000_GOT_1904 |7 0 |8 X |9 403424 |a FDOBUD |b FDOBUD |d 2019-11-22 |i 1067079 |o 925 GOT 1904 |p 1067079 |r 2019-11-22 |w 2019-11-22 |y BK_X |k BUD | ||